<?xml version="1.0" encoding="UTF-8"?>
<record
    xmlns:xsi="http://www.w3.org/2001/XMLSchema-instance"
    xsi:schemaLocation="http://www.loc.gov/MARC21/slim http://www.loc.gov/standards/marcxml/schema/MARC21slim.xsd"
    xmlns="http://www.loc.gov/MARC21/slim">

  <leader>00652nam a2200193Ia 4500</leader>
  <controlfield tag="003">MN-UlNLM</controlfield>
  <controlfield tag="005">20210826175534.0</controlfield>
  <controlfield tag="008">200508t1982||||rur|||||||||||||| ||rus||</controlfield>
  <datafield tag="040" ind1=" " ind2=" ">
    <subfield code="a">&#x41C;&#x43E;&#x43D;&#x433;&#x43E;&#x43B; &#x423;&#x43B;&#x441;&#x44B;&#x43D; &#x4AE;&#x43D;&#x434;&#x44D;&#x441;&#x43D;&#x438;&#x439; &#x43D;&#x43E;&#x43C;&#x44B;&#x43D; &#x441;&#x430;&#x43D;</subfield>
  </datafield>
  <datafield tag="084" ind1=" " ind2=" ">
    <subfield code="a">84.4&#x412;&#x43B;</subfield>
    <subfield code="b">&#x414; 393</subfield>
    <subfield code="2">NNA</subfield>
    <subfield code="q">84</subfield>
  </datafield>
  <datafield tag="100" ind1="1" ind2=" ">
    <subfield code="a">&#x414;&#x435;&#x444;&#x43E;, &#x414;&#x430;&#x43D;&#x438;&#x44D;&#x43B;&#x44C;</subfield>
  </datafield>
  <datafield tag="245" ind1="0" ind2=" ">
    <subfield code="a">&#x416;&#x438;&#x437;&#x43D;&#x44C;, &#x43D;&#x435;&#x43E;&#x431;&#x44B;&#x43A;&#x43D;&#x43E;&#x432;. &#x438; &#x443;&#x434;&#x438;&#x432;&#x438;&#x442;. &#x43F;&#x440;&#x438;&#x43A;&#x43B;&#x44E;&#x447;&#x435;&#x43D;&#x438;&#x44F; &#x420;&#x43E;&#x431;&#x438;&#x43D;&#x437;&#x43E;&#x43D;&#x430; &#x41A;&#x440;&#x443;&#x437;&#x43E;</subfield>
    <subfield code="c">&#x41F;&#x435;&#x440;. &#x441; &#x430;&#x43D;&#x433;&#x43B;. &#x41C;. &#x410;. &#x428;&#x438;&#x448;&#x43C;&#x430;&#x440;&#x435;&#x432;&#x43E;&#x439;</subfield>
  </datafield>
  <datafield tag="260" ind1="1" ind2=" ">
    <subfield code="c">1982</subfield>
    <subfield code="a">&#x415;&#x440;&#x435;&#x432;&#x430;&#x43D;</subfield>
    <subfield code="b">&#x41B;&#x443;&#x439;&#x441;</subfield>
  </datafield>
  <datafield tag="300" ind1=" " ind2=" ">
    <subfield code="a">246c</subfield>
  </datafield>
  <datafield tag="546" ind1=" " ind2=" ">
    <subfield code="a">Russia</subfield>
  </datafield>
  <datafield tag="653" ind1=" " ind2=" ">
    <subfield code="a">&#x423;&#x440;&#x430;&#x43D; &#x437;&#x43E;&#x445;&#x438;&#x43E;&#x43B; </subfield>
  </datafield>
  <datafield tag="942" ind1=" " ind2=" ">
    <subfield code="c">BK</subfield>
  </datafield>
  <datafield tag="952" ind1=" " ind2=" ">
    <subfield code="0">0</subfield>
    <subfield code="1">0</subfield>
    <subfield code="4">0</subfield>
    <subfield code="6">13985</subfield>
    <subfield code="7">0</subfield>
    <subfield code="8">UB0100000117</subfield>
    <subfield code="a">UB01000001</subfield>
    <subfield code="b">UB01000001</subfield>
    <subfield code="c">UB0100000117</subfield>
    <subfield code="d">2021-07-19</subfield>
    <subfield code="e">Khudaldaa</subfield>
    <subfield code="g">8.50</subfield>
    <subfield code="l">0</subfield>
    <subfield code="o">13985</subfield>
    <subfield code="p">005020013985</subfield>
    <subfield code="r">2021-07-19</subfield>
    <subfield code="y">BK</subfield>
  </datafield>
  <datafield tag="999" ind1=" " ind2=" ">
    <subfield code="c">136277</subfield>
    <subfield code="d">136334</subfield>
  </datafield>
</record>
